Statistics for Track and Field - Heptathlon Events

Click here to take the quiz!

General Stats

  • This quiz has been taken 635 times
  • The average score is 6 of 7

Answer Stats

Answer% Correct
Long Jump
94%
High Jump
93%
Javelin Throw
92%
Shot Put
88%
200 Meters
76%
800 meters
76%
100 meter hurdles
71%

Score Distribution

Percentile by Number Answered

Percent of People with Each Score

Your Score History

You have not taken this quiz